00503nam a2200121Ia 4500008004100000100001900041245013700060260002700197650002000224856004500244999001900289952007300308171212s9999 xx 000 0 und d aGarber, Steven cGarber, StevenaEconomic Effects of Product Liability and Other Litigation Involving the Safety and Effectiveness of Pharmaceuticals bRAND Corporationc2013 aHealth Sciences uwww.jstor.org/stable/10.7249/j.ctt2jc9fj c351976d351976 001040aCLbCLd2017-12-12l0r2017-12-12 00:00:00w2017-12-12yCBE